| 000 | 00730cab a2200241 4500 | ||
|---|---|---|---|
| 001 | WB3345-52 | ||
| 008 | 090401t1997 xxu||||| |||| 00| 0 eng d | ||
| 035 | _a(Sirsi) u82133 | ||
| 041 | _aeng | ||
| 245 | _aForestry sector | ||
| 260 | _c1997 | ||
| 350 | _a0 | ||
| 490 |
_aForestry & British Timber _vNovember 1997, 6(1) |
||
| 520 | _aForestry experts predict that private forests will become the most important domestic timber source within 10 to 15 years. This is supported by the latest IPD Forestry Index. | ||
| 650 | _aFORESTRY INDUSTRY | ||
| 650 | _aFORESTS | ||
| 650 | _aIPD FORESTRY INDEX | ||
| 650 | _aPRIVATE FORESTS | ||
| 650 | _aTIMBER | ||
| 690 | _aRURAL PRACTICE | ||
| 942 | _n0 | ||
| 948 | _c17/11/1997 | ||
| 999 |
_c51811 _d51811 |
||